[Event "Greek Championship 2018"]
[Site "Thessaloniki"]
[Date "2018.12.19"]
[Round "8.2"]
[White "Skaperdas, Kostantinos"]
[Black "Ioannidis, Evgenios"]
[Result "0-1"]
[BlackElo "2382"]
[WhiteElo "2231"]
[LiveChessVersion "1.4.8"]

1. d4 {[%clk 1:30:54]} Nf6 {[%clk 1:29:54]} 2. Nf3 {[%clk 1:31:10]} e6
{[%clk 1:28:55]} 3. Bf4 {[%clk 1:31:18]} c5 {[%clk 1:22:16]} 4. e3
{[%clk 1:31:18]} cxd4 {[%clk 1:19:45]} 5. exd4 {[%clk 1:31:20]} b6
{[%clk 1:19:50]} 6. Nbd2 {[%clk 1:30:10]} Bb7 {[%clk 1:19:51]} 7. Bd3
{[%clk 1:30:31]} Be7 {[%clk 1:19:32]} 8. h3 {[%clk 1:30:56]} d6 {[%clk 1:17:44]}
9. a4 {[%clk 1:18:32]} a6 {[%clk 1:12:22]} 10. Nc4 {[%clk 1:17:55]} O-O
{[%clk 1:10:12]} 11. O-O {[%clk 1:17:17]} Nd5 {[%clk 0:56:32]} 12. Bh2
{[%clk 1:01:52]} Qc7 {[%clk 0:56:15]} 13. c3 {[%clk 0:55:36]} Nd7
{[%clk 0:55:14]} 14. Qe2 {[%clk 0:52:16]} Rfd8 {[%clk 0:46:04]} 15. Rfe1
{[%clk 0:40:47]} Nf8 {[%clk 0:42:38]} 16. Nfd2 {[%clk 0:40:19]} Ng6
{[%clk 0:38:08]} 17. Qh5 {[%clk 0:40:07]} Nf6 {[%clk 0:29:26]} 18. Qe2
{[%clk 0:39:59]} Nh4 {[%clk 0:29:01]} 19. Ne3 {[%clk 0:39:52]} Qc6
{[%clk 0:28:35]} 20. Bg3 {[%clk 0:34:51]} Ng6 {[%clk 0:27:50]} 21. d5
{[%clk 0:28:18]} exd5 {[%clk 0:27:32]} 22. Nf3 {[%clk 0:24:19]} Re8
{[%clk 0:26:53]} 23. Nd4 {[%clk 0:24:26]} Qc7 {[%clk 0:26:33]} 24. Nef5
{[%clk 0:21:38]} Bf8 {[%clk 0:26:50]} 25. Qc2 {[%clk 0:19:49]} Ne4
{[%clk 0:25:10]} 26. Bh2 {[%clk 0:20:04]} Ne5 {[%clk 0:24:45]} 27. Bf1
{[%clk 0:18:28]} g6 {[%clk 0:21:07]} 28. Ne3 {[%clk 0:18:42]} Bh6
{[%clk 0:17:09]} 29. Ng4 {[%clk 0:17:14]} Bg7 {[%clk 0:16:00]} 30. f3
{[%clk 0:17:30]} Nxg4 {[%clk 0:16:21]} 31. Bd3 {[%clk 0:10:48]} Nxh2
{[%clk 0:12:56]} 32. fxe4 {[%clk 0:11:09]} dxe4 {[%clk 0:13:14]} 33. Bxe4
{[%clk 0:11:21]} d5 {[%clk 0:13:11]} 34. Bd3 {[%clk 0:11:38]} Qg3
{[%clk 0:11:54]} 35. Ne2 {[%clk 0:10:30]} Nf3+ {[%clk 0:12:19]} 36. Kf1
{[%clk 0:10:53]} Nxe1 0-1

[Event "Greek Championship 2018"]
[Site "Thessaloniki"]
[Date "2018.12.19"]
[Round "8.3"]
[White "Mastrovasilis, Athanasios"]
[Black "Koutoukidis, Panagiotis"]
[Result "0-1"]
[BlackElo "2357"]
[WhiteElo "2510"]
[LiveChessVersion "1.4.8"]

1. d4 {[%clk 1:30:55]} Nf6 {[%clk 1:30:55]} 2. c4 {[%clk 1:31:11]} e6
{[%clk 1:31:21]} 3. Nc3 {[%clk 1:31:31]} Bb4 {[%clk 1:31:47]} 4. e3
{[%clk 1:31:49]} O-O {[%clk 1:32:12]} 5. Bd3 {[%clk 1:32:05]} c5 {[%clk 1:32:36]}
6. Nf3 {[%clk 1:32:17]} d5 {[%clk 1:32:55]} 7. cxd5 {[%clk 1:32:00]} exd5
{[%clk 1:32:43]} 8. dxc5 {[%clk 1:32:11]} Nbd7 {[%clk 1:32:40]} 9. O-O
{[%clk 1:32:06]} Nxc5 {[%clk 1:32:30]} 10. Ne2 {[%clk 1:32:22]} Bg4
{[%clk 1:22:31]} 11. Nfd4 {[%clk 1:31:53]} Nxd3 {[%clk 1:17:02]} 12. Qxd3
{[%clk 1:32:15]} Rc8 {[%clk 1:16:49]} 13. b3 {[%clk 1:25:36]} Bh5
{[%clk 1:12:01]} 14. Bb2 {[%clk 1:05:56]} Bg6 {[%clk 1:10:11]} 15. Qb5
{[%clk 1:03:07]} Qe7 {[%clk 1:08:59]} 16. Ng3 {[%clk 0:59:18]} Bc3
{[%clk 1:05:50]} 17. Bxc3 {[%clk 0:56:12]} Rxc3 {[%clk 1:06:13]} 18. Qa5
{[%clk 0:53:56]} Qc5 {[%clk 1:06:12]} 19. Qxc5 {[%clk 0:54:07]} Rxc5
{[%clk 1:06:38]} 20. Rfd1 {[%clk 0:46:17]} Rfc8 {[%clk 1:05:54]} 21. f3
{[%clk 0:43:59]} Kf8 {[%clk 1:02:07]} 22. Nge2 {[%clk 0:39:43]} h6
{[%clk 1:02:19]} 23. Rd2 {[%clk 0:39:46]} Ke7 {[%clk 1:01:50]} 24. Kf2
{[%clk 0:39:36]} Bh7 {[%clk 1:00:58]} 25. g4 {[%clk 0:39:27]} Nd7
{[%clk 0:58:33]} 26. Rad1 {[%clk 0:37:41]} Nb6 {[%clk 0:57:14]} 27. h4
{[%clk 0:34:56]} a5 {[%clk 0:56:50]} 28. a4 {[%clk 0:34:06]} f6 {[%clk 0:51:52]}
29. Rg1 {[%clk 0:29:40]} g5 {[%clk 0:41:26]} 30. h5 {[%clk 0:15:42]} Kf7
{[%clk 0:37:21]} 31. Ng3 {[%clk 0:12:44]} Kg8 {[%clk 0:34:36]} 32. Rgd1
{[%clk 0:11:11]} Rc3 {[%clk 0:33:20]} 33. Ngf5 {[%clk 0:09:31]} Bxf5
{[%clk 0:33:31]} 34. Nxf5 {[%clk 0:09:58]} Kh7 {[%clk 0:32:51]} 35. Rd3
{[%clk 0:09:14]} Rc2+ {[%clk 0:27:58]} 36. R1d2 {[%clk 0:06:58]} Rxd2+
{[%clk 0:26:59]} 37. Rxd2 {[%clk 0:07:26]} Rc3 {[%clk 0:27:20]} 38. e4
{[%clk 0:07:26]} dxe4 {[%clk 0:27:09]} 39. fxe4 {[%clk 0:07:51]} Rxb3
{[%clk 0:26:08]} 40. Rd6 {[%clk 0:32:02]} Nxa4 {[%clk 0:56:00]} 41. Rxf6
{[%clk 0:30:00]} Rb6 {[%clk 0:50:17]} 42. Rf7+ {[%clk 0:23:16]} Kg8
{[%clk 0:46:17]} 43. Rc7 {[%clk 0:18:29]} Nb2 {[%clk 0:46:27]} 44. Ne7+
{[%clk 0:12:21]} Kf8 {[%clk 0:44:06]} 45. Nd5 {[%clk 0:11:41]} Rb3
{[%clk 0:40:53]} 46. Nf6 {[%clk 0:09:58]} a4 {[%clk 0:39:42]} 47. Rd7
{[%clk 0:04:36]} Nd3+ {[%clk 0:37:09]} 48. Kg1 {[%clk 0:04:38]} Rb6
{[%clk 0:35:27]} 49. Nd5 {[%clk 0:04:30]} Rb1+ {[%clk 0:35:18]} 50. Kg2
{[%clk 0:04:25]} a3 {[%clk 0:31:23]} 51. Nf6 {[%clk 0:04:13]} Nf4+
{[%clk 0:30:44]} 52. Kf3 {[%clk 0:03:57]} Rb3+ {[%clk 0:30:40]} 53. Kf2
{[%clk 0:04:22]} Rb6 {[%clk 0:31:06]} 54. e5 {[%clk 0:04:06]} a2 {[%clk 0:30:58]}
55. Rd1 {[%clk 0:03:58]} Rb1 {[%clk 0:30:51]} 56. Rd7 {[%clk 0:04:06]} Rb6
{[%clk 0:28:24]} 57. Rd1 {[%clk 0:04:34]} Ra6 {[%clk 0:27:21]} 58. Ra1
{[%clk 0:03:59]} Nd3+ {[%clk 0:27:07]} 59. Ke3 {[%clk 0:04:20]} Nc5
{[%clk 0:26:20]} 60. Rf1 {[%clk 0:03:43]} Rxf6 {[%clk 0:22:26]} 61. Rxf6+
{[%clk 0:02:32]} Ke7 {[%clk 0:22:50]} 62. Rf1 {[%clk 0:02:59]} Nb3
{[%clk 0:23:15]} 0-1

[Event "Greek Championship 2018"]
[Site "Thessaloniki"]
[Date "2018.12.19"]
[Round "8.4"]
[White "Grivas, Efstratios"]
[Black "Kourkoulos-Arditis, Stamatis"]
[Result "1/2-1/2"]
[BlackElo "2424"]
[WhiteElo "2424"]
[LiveChessVersion "1.4.8"]

1. d4 {[%clk 1:30:56]} Nf6 {[%clk 1:30:56]} 2. Nf3 {[%clk 1:31:22]} g6
{[%clk 1:31:22]} 3. g3 {[%clk 1:31:47]} Bg7 {[%clk 1:31:48]} 4. Bg2
{[%clk 1:32:12]} O-O {[%clk 1:32:13]} 5. O-O {[%clk 1:32:39]} d6 {[%clk 1:32:39]}
6. a4 {[%clk 1:33:04]} c6 {[%clk 1:32:58]} 7. a5 {[%clk 1:33:11]} Qc7
{[%clk 1:33:23]} 8. Nc3 {[%clk 1:33:30]} e5 {[%clk 1:33:42]} 9. e4
{[%clk 1:33:49]} Na6 {[%clk 1:34:08]} 10. h3 {[%clk 1:33:58]} b5 {[%clk 1:33:17]}
11. axb6 {[%clk 1:33:22]} axb6 {[%clk 1:33:42]} 12. Be3 {[%clk 1:32:04]} b5
{[%clk 1:27:44]} 13. dxe5 {[%clk 1:30:29]} dxe5 {[%clk 1:28:09]} 14. Nd2
{[%clk 1:30:50]} Be6 {[%clk 1:16:47]} 15. Ne2 {[%clk 1:27:29]} Qe7
{[%clk 0:59:47]} 16. c3 {[%clk 1:26:20]} Nc5 {[%clk 0:56:14]} 17. Qc2
{[%clk 1:14:27]} Nfd7 {[%clk 0:56:27]} 18. b4 {[%clk 1:08:22]} Nb7
{[%clk 0:55:17]} 19. Qb2 {[%clk 0:57:35]} Nd6 {[%clk 0:50:42]} 20. Rxa8
{[%clk 0:54:30]} Rxa8 {[%clk 0:51:07]} 21. Ra1 {[%clk 0:54:52]} Qd8
{[%clk 0:51:32]} 22. Nc1 {[%clk 0:54:35]} Ra4 {[%clk 0:41:39]} 23. Rxa4
{[%clk 0:38:31]} bxa4 {[%clk 0:42:04]} 24. Qa1 {[%clk 0:38:56]} Qa8
{[%clk 0:42:30]} 25. Ncb3 {[%clk 0:39:15]} Bxb3 {[%clk 0:38:54]} 26. Nxb3
{[%clk 0:39:00]} Nc4 {[%clk 0:39:22]} 27. Bc1 {[%clk 0:38:06]} Ndb6
{[%clk 0:39:17]} 28. Bf1 {[%clk 0:33:21]} Qd8 {[%clk 0:35:12]} 29. Na5
{[%clk 0:32:12]} Qd1 {[%clk 0:31:54]} 30. Bb2 {[%clk 0:19:56]} Nxb2
{[%clk 0:32:09]} 31. Qxb2 {[%clk 0:20:24]} Bf8 {[%clk 0:26:10]} 32. Kg2
{[%clk 0:19:32]} c5 {[%clk 0:23:35]} 1/2-1/2

[Event "Greek Championship 2018"]
[Site "Thessaloniki"]
[Date "2018.12.19"]
[Round "8.5"]
[White "Makka, Evanthia"]
[Black "Gouloutis, Nikolaos"]
[Result "0-1"]
[BlackElo "2353"]
[WhiteElo "2084"]
[LiveChessVersion "1.4.8"]

1. d4 {[%clk 1:30:55]} Nf6 {[%clk 1:30:55]} 2. Nf3 {[%clk 1:31:20]} e6
{[%clk 1:31:20]} 3. e3 {[%clk 1:31:45]} c5 {[%clk 1:31:31]} 4. Bd3
{[%clk 1:31:16]} cxd4 {[%clk 1:30:04]} 5. exd4 {[%clk 1:31:37]} Be7
{[%clk 1:30:29]} 6. O-O {[%clk 1:31:32]} O-O {[%clk 1:30:53]} 7. c4
{[%clk 1:30:17]} d5 {[%clk 1:31:10]} 8. Nc3 {[%clk 1:29:58]} dxc4
{[%clk 1:29:21]} 9. Bxc4 {[%clk 1:30:18]} Nbd7 {[%clk 1:29:43]} 10. Bb3
{[%clk 1:29:00]} Nb6 {[%clk 1:28:15]} 11. Qd3 {[%clk 1:27:37]} Bd7
{[%clk 1:04:12]} 12. Ne5 {[%clk 1:25:49]} Rc8 {[%clk 1:03:56]} 13. Bg5
{[%clk 1:17:03]} Bc6 {[%clk 1:02:30]} 14. Bc2 {[%clk 1:05:32]} g6
{[%clk 1:02:36]} 15. Rae1 {[%clk 0:59:22]} Nbd5 {[%clk 0:45:54]} 16. Qh3
{[%clk 0:37:40]} Nh5 {[%clk 0:35:56]} 17. Nxc6 {[%clk 0:29:52]} Rxc6
{[%clk 0:35:24]} 18. Bh6 {[%clk 0:28:32]} Ng7 {[%clk 0:32:32]} 19. Bb3
{[%clk 0:14:38]} Nxc3 {[%clk 0:29:04]} 20. bxc3 {[%clk 0:14:15]} Bg5
{[%clk 0:28:51]} 21. Bxg7 {[%clk 0:13:13]} Kxg7 {[%clk 0:29:17]} 22. f4
{[%clk 0:12:19]} Bf6 {[%clk 0:29:32]} 23. Rd1 {[%clk 0:06:36]} h5
{[%clk 0:09:18]} 24. Rd3 {[%clk 0:04:46]} Qb6 {[%clk 0:06:46]} 25. Kh1
{[%clk 0:02:47]} Rfc8 {[%clk 0:06:07]} 26. Rg3 {[%clk 0:02:07]} Qa5
{[%clk 0:03:38]} 27. d5 {[%clk 0:01:14]} Rxc3 {[%clk 0:02:29]} 28. dxe6
{[%clk 0:01:25]} Rc1 {[%clk 0:02:57]} 29. Rgf3 {[%clk 0:01:29]} Qa6
{[%clk 0:02:53]} 30. Bd1 {[%clk 0:00:38]} Rd8 {[%clk 0:02:26]} 31. Be2
{[%clk 0:00:34]} Qxe2 {[%clk 0:02:46]} 0-1

[Event "Greek Women Ch 2018"]
[Site "?"]
[Date "2018.12.19"]
[Round "8.1"]
[White "Skaraki, Antigoni"]
[Black "Makka, Ioulia"]
[Result "0-1"]
[BlackElo "2065"]
[WhiteElo "2012"]
[LiveChessVersion "1.4.8"]

1. e4 {[%clk 1:30:59]} c6 {[%clk 1:30:55]} 2. Nc3 {[%clk 1:31:20]} d6
{[%clk 1:29:01]} 3. d4 {[%clk 1:28:00]} g6 {[%clk 1:28:39]} 4. f4
{[%clk 1:25:58]} Bg7 {[%clk 1:28:41]} 5. Nf3 {[%clk 1:25:57]} b5 {[%clk 1:28:28]}
6. a3 {[%clk 1:22:35]} Bb7 {[%clk 1:21:54]} 7. Bd3 {[%clk 1:14:53]} a6
{[%clk 1:15:30]} 8. Be3 {[%clk 1:09:50]} Nd7 {[%clk 1:08:41]} 9. e5
{[%clk 1:03:54]} Nh6 {[%clk 1:04:09]} 10. Qd2 {[%clk 0:55:48]} Qc7
{[%clk 0:56:26]} 11. h3 {[%clk 0:45:08]} c5 {[%clk 0:40:21]} 12. exd6
{[%clk 0:33:27]} exd6 {[%clk 0:32:58]} 13. Be4 {[%clk 0:29:24]} Bxe4
{[%clk 0:28:56]} 14. Nxe4 {[%clk 0:29:52]} O-O {[%clk 0:28:28]} 15. O-O
{[%clk 0:28:21]} Rfe8 {[%clk 0:25:11]} 16. Ng3 {[%clk 0:28:20]} Nb6
{[%clk 0:22:53]} 17. b3 {[%clk 0:25:53]} Nd5 {[%clk 0:22:06]} 18. Bf2
{[%clk 0:25:52]} c4 {[%clk 0:21:18]} 19. b4 {[%clk 0:21:39]} c3 {[%clk 0:20:20]}
20. Qc1 {[%clk 0:20:51]} f5 {[%clk 0:20:11]} 21. Re1 {[%clk 0:17:10]} Nf7
{[%clk 0:15:54]} 22. Nf1 {[%clk 0:15:33]} Rxe1 {[%clk 0:13:49]} 23. Nxe1
{[%clk 0:12:26]} Re8 {[%clk 0:12:45]} 24. Nd3 {[%clk 0:12:37]} Qc4
{[%clk 0:11:58]} 25. Ne3 {[%clk 0:04:50]} Nxe3 {[%clk 0:12:00]} 26. Bxe3
{[%clk 0:05:15]} Rxe3 {[%clk 0:11:13]} 27. Qxe3 {[%clk 0:03:51]} Bxd4
{[%clk 0:11:33]} 28. Kf2 {[%clk 0:03:26]} Bxe3+ {[%clk 0:11:26]} 29. Kxe3
{[%clk 0:03:53]} Nd8 {[%clk 0:10:52]} 30. a4 {[%clk 0:04:03]} Ne6
{[%clk 0:09:49]} 31. g3 {[%clk 0:04:01]} Qe4+ {[%clk 0:08:49]} 32. Kf2
{[%clk 0:04:21]} Nd4 {[%clk 0:08:43]} 0-1

[Event "Greek Women Ch 2018"]
[Site "?"]
[Date "2018.12.19"]
[Round "8.3"]
[White "Pavlidou, Ekaterini"]
[Black "Nikolaidou, Eleni"]
[Result "1-0"]
[BlackElo "1707"]
[WhiteElo "2185"]
[LiveChessVersion "1.4.8"]

1. d4 {[%clk 1:30:39]} Nf6 {[%clk 1:30:53]} 2. c4 {[%clk 1:30:54]} e6
{[%clk 1:31:07]} 3. Nf3 {[%clk 1:31:05]} Be7 {[%clk 1:31:02]} 4. Nc3
{[%clk 1:29:18]} d5 {[%clk 1:31:11]} 5. Bg5 {[%clk 1:27:53]} c6 {[%clk 1:30:42]}
6. e3 {[%clk 1:28:11]} Nbd7 {[%clk 1:30:30]} 7. Rc1 {[%clk 1:27:33]} O-O
{[%clk 1:29:10]} 8. a3 {[%clk 1:21:52]} Ne4 {[%clk 1:12:38]} 9. Bxe7
{[%clk 1:17:50]} Qxe7 {[%clk 1:13:01]} 10. Qc2 {[%clk 0:59:47]} f5
{[%clk 1:08:50]} 11. Bd3 {[%clk 0:53:22]} Ndf6 {[%clk 1:02:38]} 12. Ne5
{[%clk 0:52:31]} g6 {[%clk 0:43:52]} 13. f3 {[%clk 0:51:30]} Nd6 {[%clk 0:39:44]}
14. O-O {[%clk 0:41:56]} Bd7 {[%clk 0:34:08]} 15. Rce1 {[%clk 0:36:19]} Rad8
{[%clk 0:28:08]} 16. b4 {[%clk 0:31:55]} dxc4 {[%clk 0:27:11]} 17. Bxc4
{[%clk 0:30:01]} Nxc4 {[%clk 0:25:57]} 18. Nxc4 {[%clk 0:30:26]} b6
{[%clk 0:24:53]} 19. Ne5 {[%clk 0:27:09]} c5 {[%clk 0:18:44]} 20. dxc5
{[%clk 0:27:10]} bxc5 {[%clk 0:19:05]} 21. b5 {[%clk 0:27:32]} Qd6
{[%clk 0:19:01]} 22. Nc4 {[%clk 0:27:23]} Qb8 {[%clk 0:17:54]} 23. a4
{[%clk 0:19:20]} e5 {[%clk 0:17:05]} 24. f4 {[%clk 0:17:53]} Rfe8
{[%clk 0:08:16]} 25. Nxe5 {[%clk 0:07:15]} Rxe5 {[%clk 0:08:38]} 26. fxe5
{[%clk 0:07:43]} Qxe5 {[%clk 0:08:57]} 27. Qd2 {[%clk 0:07:11]} Re8
{[%clk 0:08:35]} 28. h3 {[%clk 0:06:48]} Be6 {[%clk 0:06:49]} 29. Rc1
{[%clk 0:06:21]} Bf7 {[%clk 0:06:18]} 30. Rfe1 {[%clk 0:06:04]} Kg7
{[%clk 0:06:12]} 31. a5 {[%clk 0:06:20]} Re7 {[%clk 0:05:19]} 32. Qb2
{[%clk 0:03:48]} f4 {[%clk 0:01:59]} 33. e4 {[%clk 0:02:36]} Qd4+
{[%clk 0:01:56]} 34. Qf2 {[%clk 0:02:47]} Qb4 {[%clk 0:01:55]} 35. a6
{[%clk 0:00:55]} g5 {[%clk 0:02:06]} 36. e5 {[%clk 0:00:43]} Nd7 {[%clk 0:01:23]}
37. e6 {[%clk 0:00:45]} Rxe6 {[%clk 0:01:23]} 38. Red1 {[%clk 0:00:37]} Nf6
{[%clk 0:01:19]} 39. Nd5 {[%clk 0:00:34]} Nxd5 {[%clk 0:01:34]} 40. Rxd5
{[%clk 0:31:02]} Qxb5 {[%clk 0:31:16]} 41. Rxg5+ {[%clk 0:29:48]} Rg6
{[%clk 0:30:43]} 42. Rxg6+ {[%clk 0:25:35]} hxg6 {[%clk 0:30:23]} 43. Rxc5
{[%clk 0:24:35]} Qxa6 {[%clk 0:30:35]} 44. Qxf4 {[%clk 0:23:58]} Qb6
{[%clk 0:30:15]} 45. Qe5+ {[%clk 0:23:07]} Kh7 {[%clk 0:27:37]} 46. Kh2
{[%clk 0:23:28]} Qd8 {[%clk 0:26:41]} 47. Rc7 {[%clk 0:23:11]} Kg8
{[%clk 0:26:30]} 48. Rb7 {[%clk 0:23:22]} 1-0

[Event "Greek Women Ch 2018"]
[Site "?"]
[Date "2018.12.19"]
[Round "8.4"]
[White "Androni, Konstantina"]
[Black "Fragkou, Eleni"]
[Result "0-1"]
[BlackElo "2031"]
[WhiteElo "1912"]
[LiveChessVersion "1.4.8"]

1. d4 {[%clk 1:30:56]} Nf6 {[%clk 1:30:49]} 2. c4 {[%clk 1:31:16]} g6
{[%clk 1:31:08]} 3. Nc3 {[%clk 1:31:38]} Bg7 {[%clk 1:31:09]} 4. e4
{[%clk 1:31:57]} d6 {[%clk 1:31:31]} 5. f3 {[%clk 1:32:21]} O-O {[%clk 1:31:53]}
6. Be3 {[%clk 1:32:47]} c5 {[%clk 1:32:16]} 7. Nge2 {[%clk 1:32:03]} Nc6
{[%clk 1:32:14]} 8. d5 {[%clk 1:32:26]} Ne5 {[%clk 1:32:36]} 9. Ng3
{[%clk 1:32:02]} h5 {[%clk 1:32:41]} 10. Be2 {[%clk 1:32:08]} e6 {[%clk 1:27:37]}
11. O-O {[%clk 1:26:34]} exd5 {[%clk 1:26:45]} 12. cxd5 {[%clk 1:26:19]} a6
{[%clk 1:25:14]} 13. a4 {[%clk 1:26:33]} Re8 {[%clk 1:20:44]} 14. Qd2
{[%clk 1:24:37]} Rb8 {[%clk 1:13:18]} 15. a5 {[%clk 1:11:32]} b5 {[%clk 1:04:57]}
16. axb6 {[%clk 1:10:14]} Rxb6 {[%clk 1:05:16]} 17. Ra2 {[%clk 1:09:42]} Rb4
{[%clk 0:58:33]} 18. Bh6 {[%clk 0:56:44]} Bh8 {[%clk 0:24:24]} 19. Bxa6
{[%clk 0:56:08]} Bxa6 {[%clk 0:22:03]} 20. Rxa6 {[%clk 0:56:36]} Nc4
{[%clk 0:19:29]} 21. Qf4 {[%clk 0:51:46]} Nd7 {[%clk 0:14:54]} 22. Qc1
{[%clk 0:34:14]} Nde5 {[%clk 0:06:23]} 23. Na2 {[%clk 0:21:24]} Rxb2
{[%clk 0:02:39]} 24. f4 {[%clk 0:21:47]} Ng4 {[%clk 0:02:49]} 25. Qxc4
{[%clk 0:18:00]} Rxg2+ {[%clk 0:02:58]} 26. Kxg2 {[%clk 0:16:50]} Ne3+
{[%clk 0:03:25]} 27. Kh1 {[%clk 0:16:46]} Nxc4 {[%clk 0:03:50]} 28. f5
{[%clk 0:16:52]} h4 {[%clk 0:03:07]} 29. fxg6 {[%clk 0:17:01]} fxg6
{[%clk 0:03:27]} 30. Nf5 {[%clk 0:09:32]} gxf5 {[%clk 0:02:48]} 31. Ra7
{[%clk 0:10:00]} Rxe4 {[%clk 0:01:32]} 32. Rxf5 {[%clk 0:09:48]} Re1+
{[%clk 0:01:35]} 33. Kg2 {[%clk 0:10:13]} Ne3+ {[%clk 0:01:52]} 34. Bxe3
{[%clk 0:07:34]} Rxe3 {[%clk 0:02:16]} 35. Raf7 {[%clk 0:04:43]} Qe8
{[%clk 0:02:01]} 0-1

[Event "Greek Championship 2018"]
[Site "Thessaloniki"]
[Date "2018.12.20"]
[Round "9.2"]
[White "Kourkoulos-Arditis, Stamatis"]
[Black "Makka, Evanthia"]
[Result "1-0"]
[BlackElo "2084"]
[WhiteElo "2424"]
[LiveChessVersion "1.4.8"]

1. Nf3 {[%clk 1:30:55]} d5 {[%clk 1:29:38]} 2. g3 {[%clk 1:31:22]} g6
{[%clk 1:29:14]} 3. Bg2 {[%clk 1:30:02]} Bg7 {[%clk 1:29:37]} 4. c4
{[%clk 1:30:02]} c6 {[%clk 1:23:04]} 5. O-O {[%clk 1:29:34]} Nf6 {[%clk 1:14:18]}
6. d4 {[%clk 1:29:52]} dxc4 {[%clk 1:12:25]} 7. Na3 {[%clk 1:22:01]} Be6
{[%clk 1:03:11]} 8. Ng5 {[%clk 1:20:47]} Bg4 {[%clk 1:00:37]} 9. Nxc4
{[%clk 1:20:55]} O-O {[%clk 0:59:38]} 10. Ne5 {[%clk 1:19:07]} Bc8
{[%clk 0:59:40]} 11. Qb3 {[%clk 1:17:01]} Qe8 {[%clk 0:57:25]} 12. e4
{[%clk 1:00:11]} h6 {[%clk 0:50:24]} 13. Nxg6 {[%clk 0:52:48]} hxg5
{[%clk 0:48:51]} 14. Nxf8 {[%clk 0:53:13]} Qxf8 {[%clk 0:49:14]} 15. Bxg5
{[%clk 0:53:38]} e6 {[%clk 0:47:39]} 16. h3 {[%clk 0:49:13]} Na6 {[%clk 0:45:24]}
17. Be3 {[%clk 0:49:29]} b6 {[%clk 0:36:17]} 18. f4 {[%clk 0:45:35]} Rb8
{[%clk 0:27:08]} 19. g4 {[%clk 0:42:13]} c5 {[%clk 0:25:38]} 20. e5
{[%clk 0:42:32]} Nd7 {[%clk 0:24:36]} 21. d5 {[%clk 0:42:44]} exd5
{[%clk 0:20:41]} 22. Bxd5 {[%clk 0:43:09]} Nc7 {[%clk 0:20:54]} 23. Bg2
{[%clk 0:40:44]} Qe8 {[%clk 0:18:50]} 24. Rad1 {[%clk 0:39:27]} Nf8
{[%clk 0:14:33]} 25. Rfe1 {[%clk 0:38:32]} Be6 {[%clk 0:13:59]} 26. Qd3
{[%clk 0:36:36]} Bd7 {[%clk 0:08:59]} 27. Qe4 {[%clk 0:33:48]} Bc8
{[%clk 0:07:20]} 28. Qc2 {[%clk 0:31:54]} Ng6 {[%clk 0:06:03]} 29. Be4
{[%clk 0:27:24]} Nf8 {[%clk 0:03:59]} 30. Qf2 {[%clk 0:23:12]} Qe7
{[%clk 0:03:07]} 31. Qf3 {[%clk 0:22:00]} Bd7 {[%clk 0:02:39]} 32. Rd2
{[%clk 0:21:08]} Re8 {[%clk 0:02:13]} 33. Bf2 {[%clk 0:20:14]} Nce6
{[%clk 0:01:31]} 34. Kh1 {[%clk 0:16:15]} f6 {[%clk 0:00:58]} 35. Bd5
{[%clk 0:15:53]} fxe5 {[%clk 0:00:57]} 36. f5 1-0

[Event "Greek Championship 2018"]
[Site "Thessaloniki"]
[Date "2018.12.20"]
[Round "9.4"]
[White "Ioannidis, Evgenios"]
[Black "Mastrovasilis, Athanasios"]
[Result "0-1"]
[BlackElo "2510"]
[WhiteElo "2382"]
[LiveChessVersion "1.4.8"]

1. e4 {[%clk 1:30:53]} e5 {[%clk 1:28:10]} 2. Nf3 {[%clk 1:31:09]} Nc6
{[%clk 1:28:36]} 3. Bc4 {[%clk 1:31:11]} Nf6 {[%clk 1:28:28]} 4. d3
{[%clk 1:31:24]} h6 {[%clk 1:28:01]} 5. c3 {[%clk 1:30:58]} d6 {[%clk 1:27:46]}
6. Nbd2 {[%clk 1:28:15]} g6 {[%clk 1:26:22]} 7. a4 {[%clk 1:26:34]} a5
{[%clk 1:22:57]} 8. h3 {[%clk 1:24:33]} Bg7 {[%clk 1:23:20]} 9. O-O
{[%clk 1:24:20]} O-O {[%clk 1:23:16]} 10. Re1 {[%clk 1:24:14]} Nd7
{[%clk 1:12:34]} 11. Nf1 {[%clk 1:19:10]} Nb6 {[%clk 1:12:47]} 12. Bb3
{[%clk 1:18:39]} Kh7 {[%clk 1:06:36]} 13. d4 {[%clk 1:06:52]} exd4
{[%clk 1:02:34]} 14. cxd4 {[%clk 1:03:45]} Nb4 {[%clk 0:52:52]} 15. Bd2
{[%clk 0:47:00]} c5 {[%clk 0:47:11]} 16. Bxb4 {[%clk 0:44:57]} axb4
{[%clk 0:46:09]} 17. Ne3 {[%clk 0:38:13]} Nd7 {[%clk 0:37:13]} 18. Nc4
{[%clk 0:32:54]} Ra6 {[%clk 0:34:28]} 19. a5 {[%clk 0:23:40]} cxd4
{[%clk 0:30:24]} 20. Nxd4 {[%clk 0:24:06]} Nc5 {[%clk 0:29:58]} 21. Bc2
{[%clk 0:23:45]} d5 {[%clk 0:29:39]} 22. Nb6 {[%clk 0:18:09]} dxe4
{[%clk 0:29:41]} 23. Nb3 {[%clk 0:18:35]} Nxb3 {[%clk 0:16:41]} 24. Bxb3
{[%clk 0:19:00]} Bxb2 {[%clk 0:15:54]} 25. Qxd8 {[%clk 0:15:38]} Rxd8
{[%clk 0:16:22]} 26. Rad1 {[%clk 0:16:00]} Rxd1 {[%clk 0:15:28]} 27. Rxd1
{[%clk 0:16:18]} Be6 {[%clk 0:15:24]} 28. Bxe6 {[%clk 0:16:44]} fxe6
{[%clk 0:15:50]} 29. Rd7+ {[%clk 0:17:10]} Bg7 {[%clk 0:10:58]} 30. Nc4
{[%clk 0:15:49]} Rc6 {[%clk 0:09:18]} 31. Nd2 {[%clk 0:15:47]} Rc1+
{[%clk 0:09:20]} 32. Kh2 {[%clk 0:16:11]} Rd1 {[%clk 0:09:40]} 33. Rxb7
{[%clk 0:14:52]} Rxd2 {[%clk 0:10:03]} 34. Rxb4 {[%clk 0:15:20]} Be5+
{[%clk 0:09:54]} 0-1

[Event "Greek Championship 2018"]
[Site "Thessaloniki"]
[Date "2018.12.20"]
[Round "9.5"]
[White "Nikolaidis, Ioannis"]
[Black "Skaperdas, Kostantinos"]
[Result "1-0"]
[BlackElo "2231"]
[WhiteElo "2564"]
[LiveChessVersion "1.4.8"]

1. d4 {[%clk 1:24:25]} e6 {[%clk 1:30:58]} 2. c4 {[%clk 1:24:24]} d5
{[%clk 1:31:27]} 3. Nc3 {[%clk 1:24:43]} Bb4 {[%clk 1:31:50]} 4. Qa4+
{[%clk 1:23:49]} Nc6 {[%clk 1:32:16]} 5. e3 {[%clk 1:24:11]} Nf6 {[%clk 1:29:45]}
6. Nf3 {[%clk 1:24:31]} O-O {[%clk 1:29:51]} 7. Bd2 {[%clk 1:24:47]} Re8
{[%clk 1:18:57]} 8. Qc2 {[%clk 1:22:14]} Bd6 {[%clk 1:17:08]} 9. a3
{[%clk 1:16:07]} a6 {[%clk 1:16:49]} 10. Bd3 {[%clk 1:13:51]} Bd7
{[%clk 1:07:00]} 11. O-O {[%clk 1:11:42]} dxc4 {[%clk 1:01:23]} 12. Bxc4
{[%clk 1:09:01]} e5 {[%clk 0:46:39]} 13. Ng5 {[%clk 1:05:04]} Rf8
{[%clk 0:46:51]} 14. Nd5 {[%clk 1:01:54]} g6 {[%clk 0:45:27]} 15. Nxf6+
{[%clk 1:02:05]} Qxf6 {[%clk 0:45:55]} 16. Ne4 {[%clk 1:02:06]} Qe7
{[%clk 0:45:39]} 17. d5 {[%clk 0:56:49]} Nb8 {[%clk 0:33:31]} 18. Nxd6
{[%clk 0:45:00]} cxd6 {[%clk 0:33:58]} 19. Rfc1 {[%clk 0:43:30]} b5
{[%clk 0:27:50]} 20. Be2 {[%clk 0:42:02]} a5 {[%clk 0:27:51]} 21. Qc7
{[%clk 0:30:21]} Na6 {[%clk 0:27:35]} 22. Qxa5 {[%clk 0:30:48]} Nc5
{[%clk 0:27:44]} 23. Qb4 {[%clk 0:28:41]} f5 {[%clk 0:27:14]} 24. Qc3
{[%clk 0:24:05]} g5 {[%clk 0:12:27]} 25. f3 {[%clk 0:22:42]} h5 {[%clk 0:14:15]}
26. b4 {[%clk 0:21:23]} Na4 {[%clk 0:05:46]} 27. Qb3 {[%clk 0:21:33]} Rfc8
{[%clk 0:05:13]} 28. Rc6 Rab8 {[%clk 0:01:25]} 29. Bxb5 {[%clk 0:16:07]} Rxb5
{[%clk 0:01:20]} 30. Rxc8+ {[%clk 0:16:12]} Bxc8 {[%clk 0:01:50]} 31. Qxa4
{[%clk 0:16:27]} Rxd5 {[%clk 0:02:01]} 32. Qc2 {[%clk 0:14:12]} Bb7 33. Bc3
{[%clk 0:11:34]} Qd7 {[%clk 0:00:33]} 34. a4 {[%clk 0:11:33]} Qc6
{[%clk 0:00:48]} 35. Rc1 {[%clk 0:10:38]} e4 {[%clk 0:00:52]} 36. fxe4
{[%clk 0:10:02]} fxe4 {[%clk 0:01:17]} 37. Qf2 {[%clk 0:08:59]} Qd7
{[%clk 0:00:37]} 38. Qf6 {[%clk 0:08:32]} Rf5 {[%clk 0:00:42]} 39. Qh8+
{[%clk 0:07:04]} 1-0